000 00767cam a2200205 4500500
005 20260111080203.0
041 _afre
042 _adc
100 1 0 _aVillemot, Dominique
_eauthor
245 0 0 _aLe cumul des sanctions fiscales et pénales est constitutionnel, mais encadré Non bis in idem n’est pas français
260 _c2017.
500 _a40
690 _aConseil constitutionnel
690 _acumul de sanctions administratives et pénales
690 _afiscalité
690 _anon bis in idem
690 _aprocédure fiscale
786 0 _nGestion & Finances Publiques | 2 | 2 | 2017-01-30 | p. 101-107 | 1969-1009
856 4 1 _uhttps://droit.cairn.info/revue-gestion-et-finances-publiques-2017-2-page-101?lang=fr&redirect-ssocas=7080
999 _c1615998
_d1615998